000 nam a22 7a 4500
999 _c126701
_d126701
008 170821b xxu||||| |||| 00| 0 eng d
020 _a9780863160240
050 _aPS3563.A29827.L5
100 _aMajozo, Estella Conwill
_934915
245 _aLibation:
_ba literary pilgrimage through the African-American soul
_c/ Estella Conwill Majozo
260 _aNew York
_bWriters and Readers Publishing
300 _a105p.
_c23cm.
942 _2lcc
_cMONOGRAPH